Cvičná firma ako progresívna koncepcia vyučovania, súčasný stav a možnosti využívania nových médií v obchodnej komunikácii a pri rozvoji cvičného podnikania na stredných školách v Slovenskej republike

Práca v cvičnej firme je jedným z najdynamickejšie sa vyvíjajúcich vyučovacích predmetov. Vyučovací predmet Práca v cvičnej firme predstavuje integrovaný prístup vo vzdelávaní ekonóma. Prehľad činností, ktoré uskutočňujú žiaci - pracovníci cvičnej firmy. Využívanie internetu a nových médií. Spoluprá...

Ausführliche Beschreibung

Gespeichert in:
Bibliographische Detailangaben
1. Verfasser: Velichová, Ľudmila
Format: Buchkapitel
Sprache:Slowakisch
Schlagworte:
Tags: Tag hinzufügen
Keine Tags, Fügen Sie das erste Tag hinzu!

MARC

LEADER 00000naa$a2200000$$$4500
001 0031985
005 20230118073251.6
041 0 |a slo 
044 |a SK 
245 1 0 |a Cvičná firma ako progresívna koncepcia vyučovania, súčasný stav a možnosti využívania nových médií v obchodnej komunikácii a pri rozvoji cvičného podnikania na stredných školách v Slovenskej republike  |c Ľudmila Velichová 
520 |a Práca v cvičnej firme je jedným z najdynamickejšie sa vyvíjajúcich vyučovacích predmetov. Vyučovací predmet Práca v cvičnej firme predstavuje integrovaný prístup vo vzdelávaní ekonóma. Prehľad činností, ktoré uskutočňujú žiaci - pracovníci cvičnej firmy. Využívanie internetu a nových médií. Spolupráca so zahraničnými cvičnými firmami. Slovenské centrum cvičných firiem na Ekonomickej univerzite v Bratislave. 
610 2 0 |a predmety učebné 
610 2 0 |a výchova odborná 
610 2 0 |a ekonómovia 
610 2 0 |a firmy cvičné 
610 2 0 |a vzdelávanie 
610 2 0 |a Slovensko 
610 2 0 |a školy stredné 
100 1 |a Velichová, Ľudmila